Normal view
MARC view
- মো: শামছুুল হক
Entry Personal Name
001 - CONTROL NUMBER
- control field: 5474
003 - CONTROL NUMBER IDENTIFIER
- control field: OSt
005 - DATE AND TIME OF LATEST TRANSACTION
- control field: 20230919064418.0
008 - FIXED-LENGTH DATA ELEMENTS
- fixed length control field: 230919|| aca||aabn | a|a d
040 ## - CATALOGING SOURCE
- Original cataloging agency: OSt
- Transcribing agency: OSt
100 ## - HEADING--PERSONAL NAME
- Personal name: মো: শামছুুল হক
670 ## - SOURCE DATA FOUND
- Source citation: Work cat.: (OSt)3143: হক, মো: শামছুুল 5473, তামাদি আইন, ১৯০৮/ , c2007
